000 00302nam a2200109Ia 4500
008 171211s9999 xx 000 0 und d
245 _aVictorian Poets and the Changing Bible
245 _cCharles LaPorte
260 _c2011
650 _xCULTURE
856 _uhttp://down.ebook777.com/063/0813931584.pdf
999 _c347802
_d347802